Statistics for The Places They Went #3

Click here to take the quiz!

General Stats

  • This quiz has been taken 10,275 times
  • The average score is 8 of 20

Answer Stats

Places lived / visitedAnswer% Correct
Tupelo, Las Vegas, Honolulu, MemphisElvis Presley
88%
Gori, Tbilisi, St. Petersburg, Siberia, Potsdam, MoscowJoseph Stalin
82%
Brookline, South Pacific, Boston, Washington DC, DallasJohn F. Kennedy
75%
New York City, Chicago, Alcatraz, Miami BeachAl Capone
67%
Ulm, Zürich, Berlin, PrincetonAlbert Einstein
54%
Seattle, Nashville, Woodstock, LondonJimi Hendrix
44%
Falaise, Hastings, London, RouenWilliam the Conqueror
39%
Portugal, Seville, Rio de Janeiro, Patagonia, PhilippinesFerdinand Magellan
38%
Heidenheim, El Alamein, Normandy, Berlin, HerrlingenErwin Rommel
33%
Ohio, Port Huron, Menlo Park, Fort Myers, West OrangeThomas Edison
31%
Trier, Berlin, Paris, Brussels, LondonKarl Marx
30%
Warsaw, Paris, PassyMarie Curie
30%
Illinois, Wichita, Dodge City, Tombstone, Los AngelesWyatt Earp
30%
Golan Heights, Jerusalem, Antioch, Corinth, RomeSt. Peter
29%
Croatia, Paris, Colorado Springs, NYCNikola Tesla
25%
Paris, Copenhagen, Martinique, Tahiti, MarquesasPaul Gauguin
24%
Missouri, San Francisco, Honolulu, London, NYC, ConnecticutMark Twain
21%
London, France, Berghof, Bahamas, ParisEdward VIII
12%
Moesia, York, Rome, NicomediaConstantine
10%
Philadelphia, Reggio Emilia, Los Angeles, Beijing, CalabasasKobe Bryant
8%

Score Distribution

Percentile by Number Answered

Percent of People with Each Score

Your Score History

You have not taken this quiz